Statistics for Taylor Swift - I Hate It Here (Lyrics)

Click here to take the quiz!

General Stats

  • This quiz has been taken 25 times
  • The average score is 334 of 410

Answer Stats

Answer% Correct
a
100%
go
100%
here
100%
here,
100%
I
100%
in
100%
It
100%
it
100%
on
100%
so
100%
the
100%
The
100%
to
100%
will
100%
you
100%
You
100%
gardens
94%
get
94%
hate
94%
me
94%
mind
94%
My
94%
my
94%
Secret
94%
and
88%
And
88%
are
88%
be
88%
is
88%
like
88%
Like
88%
mine
88%
No
88%
of
88%
something
88%
Tell
88%
there
88%
there,
88%
was
88%
We
88%
we
88%
When
88%
when
88%
where
88%
All
81%
all
81%
awful
81%
but
81%
I'm
81%
off
81%
one
81%
only
81%
Only
81%
poet
81%
quick
81%
Quick,
81%
then
81%
This
81%
this
81%
would
81%
your
81%
about
75%
body
75%
'Cause
75%
'cause
75%
child
75%
could
75%
down
75%
for
75%
friends
75%
game
75%
getting
75%
good
75%
guy
75%
If
75%
inside
75%
key
75%
live
75%
need
75%
now
75%
Now
75%
pick
75%
play
75%
precocious
75%
they
75%
Trapped
75%
without
75%
1830s,
69%
bid
69%
book
69%
city
69%
decade
69%
don't
69%
ever
69%
finance
69%
highest
69%
I'll
69%
instead
69%
married
69%
never
69%
People
69%
racists
69%
read
69%
say
69%
secrets
69%
see,
69%
small
69%
used
69%
what
69%
what's
69%
wished
69%
you'll
69%
another
63%
consolation
63%
construct
63%
debutant
63%
die
63%
eternal
63%
even
63%
Everyone
63%
fears
63%
fine
63%
fun
63%
hopes
63%
I'd
63%
know
63%
life,
63%
look
63%
love
63%
luck
63%
Lunar
63%
mid-
63%
most
63%
outside
63%
prize
63%
scared
63%
seem
63%
that
63%
town
63%
up
63%
wasn't
63%
way
63%
year
63%
actually
56%
back
56%
been
56%
believe
56%
comfort
56%
dreamed
56%
electricity,
56%
inner
56%
lonely,
56%
lost
56%
might
56%
mind's
56%
Nostalgia
56%
place
56%
planet
56%
purpose
56%
romanticism
56%
save
56%
Seems
56%
sized
56%
swear
56%
valleys
56%
better
50%
bitter
50%
dark
50%
dreams
50%
feel
50%
felt
50%
found
50%
freezing
50%
gentle
50%
made
50%
night
50%
palace
50%
survived
50%
trick
50%
worthless
50%
above
44%
fantasies
44%
rise
44%
current
38%
flies
38%
Lucid
38%
through
38%

Score Distribution

Percentile by Number Answered

Percent of People with Each Score

Your Score History

You have not taken this quiz